000 00369nam a22001577a 4500
003 OSt
005 20211116162338.0
008 211116b |||||||| |||| 00| 0 eng d
020 _a978817534049
040 _aHU
_cDDC
082 _a340.04/ALL
245 _aASPECTS OF JUSTICE
260 _aNEW YORK
_bUNIVERSAL
_c2011
300 _aIX,306P,15CM
942 _2ddc
_cBOOKS
_n0
999 _c18570
_d18570